<?xml version="1.0" encoding="UTF-8"?><?xml-stylesheet type="text/xsl" href="static/style.xsl"?><OAI-PMH xmlns="http://www.openarchives.org/OAI/2.0/" xmlns:xsi="http://www.w3.org/2001/XMLSchema-instance" xsi:schemaLocation="http://www.openarchives.org/OAI/2.0/ http://www.openarchives.org/OAI/2.0/OAI-PMH.xsd"><responseDate>2026-04-17T12:57:02Z</responseDate><request verb="GetRecord" identifier="oai:www.recercat.cat:2117/17957" metadataPrefix="marc">https://recercat.cat/oai/request</request><GetRecord><record><header><identifier>oai:recercat.cat:2117/17957</identifier><datestamp>2026-01-26T02:07:34Z</datestamp><setSpec>com_2072_1033</setSpec><setSpec>col_2072_452950</setSpec></header><metadata><record xmlns="http://www.loc.gov/MARC21/slim" xmlns:dcterms="http://purl.org/dc/terms/" xmlns:xsi="http://www.w3.org/2001/XMLSchema-instance" xmlns:doc="http://www.lyncode.com/xoai" xsi:schemaLocation="http://www.loc.gov/MARC21/slim http://www.loc.gov/standards/marcxml/schema/MARC21slim.xsd">
   <leader>00925njm 22002777a 4500</leader>
   <datafield ind2=" " ind1=" " tag="042">
      <subfield code="a">dc</subfield>
   </datafield>
   <datafield ind2=" " ind1=" " tag="720">
      <subfield code="a">Kedzierska, A.M.</subfield>
      <subfield code="e">author</subfield>
   </datafield>
   <datafield ind2=" " ind1=" " tag="720">
      <subfield code="a">Casanellas Rius, Marta</subfield>
      <subfield code="e">author</subfield>
   </datafield>
   <datafield ind2=" " ind1=" " tag="260">
      <subfield code="c">2012-08-28</subfield>
   </datafield>
   <datafield ind2=" " ind1=" " tag="520">
      <subfield code="a">Background: A number of software packages are available to generate DNA multiple sequence alignments (MSAs)&#xd;
evolved under continuous-time Markov processes on phylogenetic trees. On the other hand, methods of simulating&#xd;
the DNA MSA directly from the transition matrices do not exist. Moreover, existing software restricts to the&#xd;
time-reversible models and it is not optimized to generate nonhomogeneous data (i.e. placing distinct substitution&#xd;
rates at different lineages).&#xd;
Results: We present the first package designed to generate MSAs evolving under discrete-time Markov processes on&#xd;
phylogenetic trees, directly from probability substitution matrices. Based on the input model and a phylogenetic tree&#xd;
in the Newick format (with branch lengths measured as the expected number of substitutions per site), the algorithm&#xd;
produces DNA alignments of desired length. GenNon-h is publicly available for download.&#xd;
Conclusion: The software presented here is an efficient tool to generate DNA MSAs on a given phylogenetic tree.&#xd;
GenNon-h provides the user with the nonstationary or nonhomogeneous phylogenetic data that is well suited for&#xd;
testing complex biological hypotheses, exploring the limits of the reconstruction algorithms and their robustness to&#xd;
such models.</subfield>
   </datafield>
   <datafield ind2=" " ind1=" " tag="520">
      <subfield code="a">Postprint (published version)</subfield>
   </datafield>
   <datafield tag="653" ind2=" " ind1=" ">
      <subfield code="a">Àrees temàtiques de la UPC::Matemàtiques i estadística</subfield>
   </datafield>
   <datafield tag="653" ind2=" " ind1=" ">
      <subfield code="a">Markov processes</subfield>
   </datafield>
   <datafield tag="653" ind2=" " ind1=" ">
      <subfield code="a">DNA</subfield>
   </datafield>
   <datafield tag="653" ind2=" " ind1=" ">
      <subfield code="a">Markov, Processos de</subfield>
   </datafield>
   <datafield tag="653" ind2=" " ind1=" ">
      <subfield code="a">ADN</subfield>
   </datafield>
   <datafield ind2="0" ind1="0" tag="245">
      <subfield code="a">GenNon-h: Generating multiple sequence alignments on nonhomogeneous phylogenetic trees</subfield>
   </datafield>
</record></metadata></record></GetRecord></OAI-PMH>